| 000 | 00000nam 2200000zi 4500 |
| 001 | 9.956849 |
| 003 | CaOODSP |
| 005 | 20251029125121 |
| 006 | m o d f |
| 007 | cr |n||||||||| |
| 008 | 251029e20251029oncd ob f000 0 eng d |
| 040 | |aCaOODSP|beng|erda|cCaOODSP |
| 043 | |an-cn--- |
| 086 | 1 |aYN5-244/2025E-PDF |
| 245 | 00|aPlanned capital spending under Canada's defence policy : |b2025 update. |
| 264 | 1|a[Ottawa] : |bOffice of the Parliamentary Budget Officer = Bureau du directeur parlementaire du budget, |cOctober 29, 2025. |
| 264 | 4|c©2025 |
| 300 | |a1 online resource (10 pages) : |bcharts |
| 336 | |atext|btxt|2rdacontent |
| 337 | |acomputer|bc|2rdamedia |
| 338 | |aonline resource|bcr|2rdacarrier |
| 500 | |aIssued also in French under title: Dépenses en capital prévues au titre de la politique de défense du Canada : mise à jour de 2025. |
| 504 | |aIncludes bibliographical references (page 10). |
| 610 | 10|aCanada. |bDepartment of National Defence|xAppropriations and expenditures. |
| 710 | 1 |aCanada. |bOffice of the Parliamentary Budget Officer, |eissuing body. |
| 775 | 08|tDépenses en capital prévues au titre de la politique de défense du Canada : |w(CaOODSP)9.956850 |
| 795 | |tPlanned capital spending under Canada's defence policy : |w(CaOODSP)9.936056 |
| 856 | 40|qPDF|s307 KB|uhttps://publications.gc.ca/collections/collection_2025/dpb-pbo/YN5-244-2025-eng.pdf |
| 856 | 4 |qHTML|sN/A|uhttps://www.pbo-dpb.ca/en/publications/RP-2526-016-S--planned-capital-spending-under-canada-defence-policy-2025-update--depenses-capital-prevues-titre-politique-defense-canada-mise-jour-2025 |